Countries Jimmy Carr has Visited - Statistics

General Stats
  • This quiz has been taken 13 times
  • The average score is 38 of 46
Answer Stats
Continent Country % Correct
North America Canada
100%
Asia China
100%
Asia Japan
100%
Oceania Australia
91%
Europe Bulgaria
91%
Europe Finland
91%
Europe France
91%
Europe Greece
91%
Europe Italy
91%
Europe Netherlands
91%
Oceania New Zealand
91%
Europe Norway
91%
Europe Portugal
91%
Europe Romania
91%
Europe Spain
91%
Europe Sweden
91%
Europe Switzerland
91%
Asia/ Europe Turkey
91%
Europe United Kingdom
91%
Europe Austria
82%
Europe Belgium
82%
Europe Bosnia and Herzegovina
82%
Europe Czech Republic
82%
Europe Denmark
82%
Europe Estonia
82%
Europe Germany
82%
Europe Hungary
82%
Europe Poland
82%
Europe Slovakia
82%
Europe Slovenia
82%
Asia United Arab Emirates
82%
North America United States of America
82%
Europe Croatia
73%
Europe Cyprus
73%
Europe Iceland
73%
Asia India
73%
Asia Indonesia
73%
Europe Ireland
73%
Europe Lithuania
73%
Europe North Macedonia
73%
Asia Singapore
73%
Africa South Africa
73%
Asia Malaysia
64%
Europe Malta
64%
Europe Serbia
64%
Asia Thailand
64%
No matching quizzes found
Score Distribution
Percent of People with Each Score
Percentile by Number Answered
Your Score History
You have not taken this quiz